000 01589nam0a22002651 4500
001 rc\2194718
005 20260419041327.0
035 _a(NLR Aleph) 006485359
090 _a6076552
_c6076552
100 _a20110829d1978 |||y0rusy50 ca
101 0 _arus
102 _aRU
105 _aa c |||||
200 1 _aМетодические указания к моделированию на ЭВМ гидромеханических переходных процессов в агрегатах и водоводах гидроэнергетических установок по программе "ИВЭ-ПП"
_eДля студентов фак. гидротехн. стр-ва
_fМ-во высш. и сред. спец. образования СССР, Моск. инж.-строит. ин-т им. В.В. Куйбышева. Каф. использования вод. энергии
_g[Сост.: доц., к. т. н. Н.Н. Аршеневский, инж. Г.Г. Сотников]
210 _aМосква
_cБ. и.
_d1978
215 _a[1], 14 с.
_cил.
_d20
320 _aБиблиогр.: с. 14
702 1 _aАршеневский
_bН.Н.
_gНиколай Николаевич
_4220
702 1 _aСотников
_bГ.Г.
_4220
712 0 2 _aМосковский инженерно-строительный институт им. В. В. Куйбышева
_bКафедра использования водной энергии
_3RU\NLR\AUTH\8810020147
_9538294
801 0 _aRU
_bNLR
_gpsbo
801 1 _aRU
_bELAR
_2rusmarc
852 _aNLR
_j81-4/1551
942 _cBOOK
980 _aNB